| 000 | 00460nam a22001337a 4500 | ||
|---|---|---|---|
| 005 | 20241112095530.0 | ||
| 008 | 241112b |||||||| |||| 00| 0 eng d | ||
| 020 | _a9781405712422 | ||
| 245 |
_aThe All England Law Reports 2006 Vol. 1 _cEditor-in-chief Craig Rose, Barrister; Editor, Widdicombe, Solicitor |
||
| 260 |
_aUnited Kingdom _bLexisNexis Butterworths _c2006 |
||
| 300 |
_axviii, 1042 pages _c23.5 cm |
||
| 650 |
_2LAw Reports _xEngland |
||
| 942 |
_2lcc _cBK _n0 |
||
| 999 |
_c1049 _d1049 |
||